Strength of materials (Record no. 5607)

MARC details
000 -LEADER
fixed length control field 00327nam a2200121Ia 4500
008 - FIXED-LENGTH DATA ELEMENTS--GENERAL INFORMATION
fixed length control field 150201s2012 xx 000 0 und d
082 ## - DEWEY DECIMAL CLASSIFICATION NUMBER
Classification number 620.112
Item number SAK
100 ## - MAIN ENTRY--PERSONAL NAME
Personal name Sarkar, B. K
245 ## - TITLE STATEMENT
Title Strength of materials
260 ## - PUBLICATION, DISTRIBUTION, ETC. (IMPRINT)
Name of publisher, distributor, etc. Tata McGraw Hill Education Private Limited
Place of publication, distribution, etc. New Delhi
Date of publication, distribution, etc. 2012
300 ## - PHYSICAL DESCRIPTION
Extent 388p.
942 ## - ADDED ENTRY ELEMENTS (KOHA)
Source of classification or shelving scheme Dewey Decimal Classification
Koha item type Books
Koha issues (borrowed), all copies 1
Holdings
Withdrawn status Lost status Source of classification or shelving scheme Damaged status Not for loan Home library Current library Date acquired SGTU Total Checkouts Full call number Barcode Date last seen Date last checked out Bill Date Koha item type Total Renewals
    Dewey Decimal Classification     SGT Engineering Library SGT Engineering Library 31/05/2012 SGTU 2 620.112 SAK FE6113 01/10/2019 26/09/2019 09/02/2015 Books  
    Dewey Decimal Classification     SGT Engineering Library SGT Engineering Library 31/05/2012 SGTU 3 620.112 SAK FE6114 16/11/2022 16/11/2022 09/02/2015 Books 4
    Dewey Decimal Classification     SGT Engineering Library SGT Engineering Library 31/05/2012 SGTU 3 620.112 SAK FE6115 22/03/2018 07/03/2018 09/02/2015 Books  
    Dewey Decimal Classification     SGT Engineering Library SGT Engineering Library 31/05/2012 SGTU 7 620.112 SAK FE6116 23/05/2018 01/05/2018 09/02/2015 Books 6
    Dewey Decimal Classification     SGT Engineering Library SGT Engineering Library 31/05/2012 SGTU 5 620.112 SAK FE6117 19/05/2018 17/05/2018 09/02/2015 Books 4